000 00502nmm a2200157Ia 4500
008 251105s9999||||xx |||||||||||||||||und||
020 _a9788497888417
041 _aspa
100 _aCurbet Hereu, Jaume
245 0 _aEL rey desnudo. La gobernabilidad de la seguridad ciudadana
264 _a[Madrid, España] :
_bUniversitat Oberta de Catalunya,
_c2009
300 _a176 páginas
650 _aPolitical Science (General)
856 _uhttps://public.digitaliapublishing.com/a/20102
942 _cCF
999 _c90738
_d90738